00597nam a2200169Ia 4500003000900000008004100009040001600050080001700066245013800083260005300221300001500274490004000289650001600329650004100345650002200386700001900408IN-BaIIA211028s9999 xx 000 0 eng d cIIA Library a52(091)bSAR 0aAryabhatiya of aryabhatabwith the commentary of Suryadeva Yajvancedited by K.V. Sarma  aNew DelhibIndian National Science Academyc1976 alii, 200p. aAryabhatiya Critical Edition Series aAryabhatiya aAstronomy and Astrophysics Thesaurus aAstronomy-History aSarma, K.V ed.